[Event "eu_ch_sen"]
[Site "Dresden"]
[Date "????.??.??"]
[Round "?"]
[White "Monte, P."]
[Black "Hurme, H."]
[Result "0-1"]
[WhiteElo "2117"]
[BlackElo "2210"]
[PlyCount "77"]
[EventDate "2006.02.17"]
[EventRounds "8"]

1. f4 d5 2. Nf3 Nf6 3. e3 g6 4. Be2 Bg7 5. O-O O-O 6. d3 c5 7. Qe1 Nc6 8. a4 b6
9. Na3 Bb7 10. c3 Rc8 11. Rb1 Qc7 12. b4 cxb4 13. cxb4 e6 14. Bd2 Rfd8 15. Qh4
Ne7 16. Nb5 Nf5 17. Qh3 Qe7 18. g4 Nd6 19. Nbd4 Nd7 20. f5 e5 21. fxg6 hxg6 22.
Nb5 Nxb5 23. axb5 e4 24. Ne1 Ne5 25. Rf2 exd3 26. Nxd3 Nc4 27. Bf1 d4 28. e4
Nxd2 29. Rxd2 Qxe4 30. Re1 Qh1+ 31. Kf2 Re8 32. Rxe8+ Rxe8 33. Bg2 Bxg2 34.
Qxg2 Qb1 35. Qd5 Re3 36. Qd8+ Kh7 37. Qh4+ Bh6 38. g5 Rxd3 39. Qxh6+ 0-1

[Event "eu_ch_sen"]
[Site "Dresden"]
[Date "????.??.??"]
[Round "?"]
[White "Salov, S."]
[Black "Jansson, B."]
[Result "1-0"]
[WhiteElo "2349"]
[BlackElo "2304"]
[PlyCount "47"]
[EventDate "2006.02.17"]
[EventRounds "8"]

1. e4 e5 2. Nf3 Nc6 3. Bb5 a6 4. Ba4 d6 5. c3 Bg4 6. h3 Bh5 7. d4 b5 8. Bb3
Nge7 9. Nxe5 dxe5 10. Qxh5 Ng6 11. Bd5 Qd7 12. O-O Rd8 13. Be3 Bd6 14. Nd2 O-O
15. Nf3 exd4 16. cxd4 Nf4 17. Bxf4 Bxf4 18. g3 Bh6 19. Rad1 Kh8 20. Bxc6 Qxc6
21. Ne5 Qe8 22. Rfe1 Rd6 23. d5 g6 24. Qxh6 1-0

[Event "eu_ch_sen"]
[Site "Dresden"]
[Date "????.??.??"]
[Round "?"]
[White "Kinnmark, O."]
[Black "Lomer, E."]
[Result "1-0"]
[WhiteElo "2328"]
[BlackElo "2143"]
[PlyCount "53"]
[EventDate "2006.02.17"]
[EventRounds "8"]

1. e4 d5 2. exd5 Qxd5 3. Nc3 Qa5 4. d4 c6 5. Bc4 Nf6 6. Nge2 Bg4 7. f3 Bh5 8.
O-O e6 9. Bf4 Be7 10. Qd2 O-O 11. Nd5 Bd8 12. Nxf6+ gxf6 13. b4 Qb6 14. Bh6 Re8
15. g4 Bg6 16. h4 a5 17. h5 axb4 18. hxg6 hxg6 19. Be3 Be7 20. Kg2 c5 21. Rh1
g5 22. Qd3 Bd6 23. d5 e5 24. Qf5 Qd8 25. Bb5 e4 26. Bxe8 exf3+ 27. Kxf3 1-0

[Event "eu_ch_sen"]
[Site "Dresden"]
[Date "????.??.??"]
[Round "?"]
[White "Akvist, H."]
[Black "Drebes, G."]
[Result "1-0"]
[WhiteElo "2230"]
[BlackElo "2061"]
[PlyCount "85"]
[EventDate "2006.02.17"]
[EventRounds "8"]

1. d4 Nf6 2. c4 e6 3. Nc3 Bb4 4. a3 Bxc3+ 5. bxc3 c5 6. f3 Qa5 7. Bd2 d6 8. e4
Nc6 9. Bd3 O-O 10. Ne2 Qc7 11. f4 Bd7 12. O-O d5 13. cxd5 exd5 14. exd5 c4 15.
Bxc4 Nxd4 16. Ba2 Nxe2+ 17. Qxe2 Nxd5 18. c4 Nf6 19. Bc3 Qc5+ 20. Kh1 Rfe8 21.
Qd2 Ne4 22. Qd4 Qxd4 23. Bxd4 b6 24. Kg1 Rac8 25. Rac1 h6 26. f5 Nc5 27. Rf3
Re4 28. Bc3 f6 29. Bb1 Re2 30. Kf1 Rce8 31. Re1 Rxe1+ 32. Bxe1 Kf8 33. Bc2 Re5
34. Bg3 Re8 35. Bd6+ Kf7 36. Rf4 Bc6 37. Bd1 Rd8 38. Bh5+ Kg8 39. Bxc5 bxc5 40.
Rf2 Rb8 41. Rd2 Kf8 42. Rd6 Ke7 43. Rxc6 1-0

[Event "eu_ch_sen"]
[Site "Dresden"]
[Date "????.??.??"]
[Round "?"]
[White "Turikov, V."]
[Black "Tchelchinski, B."]
[Result "1-0"]
[WhiteElo "2345"]
[BlackElo "2204"]
[PlyCount "46"]
[EventDate "2006.02.17"]
[EventRounds "8"]

1. Nc3 e6 2. Nf3 d5 3. d4 b6 4. e4 Nf6 5. Bb5+ c6 6. Bd3 Ba6 7. e5 Nfd7 8. O-O
Bxd3 9. Qxd3 Be7 10. Ne2 c5 11. c4 Nc6 12. cxd5 Nb4 13. Qe4 Nxd5 14. Qg4 g6 15.
Bh6 cxd4 16. Nexd4 Rc8 17. Rad1 Rc5 18. Rfe1 Qc7 19. Nxe6 fxe6 20. Qxe6 Nb4 21.
Ng5 Rxe5 22. Qf7+ Kd8 23. Ne6+ Kc8 1-0

[Event "eu_ch_sen"]
[Site "Dresden"]
[Date "????.??.??"]
[Round "?"]
[White "Schoene, A."]
[Black "Golcman, E."]
[Result "0-1"]
[WhiteElo "2187"]
[BlackElo "2317"]
[PlyCount "120"]
[EventDate "2006.02.17"]
[EventRounds "8"]

1. e4 e5 2. Nf3 Nc6 3. Bb5 g6 4. d4 exd4 5. Nxd4 Bg7 6. Nxc6 bxc6 7. Bc4 Ne7 8.
Nc3 d6 9. Qf3 O-O 10. Bg5 Be6 11. Bxe6 fxe6 12. Qh3 Qd7 13. Bh6 Bxh6 14. Qxh6
e5 15. Qg5 Qe6 16. O-O Qf6 17. Qxf6 Rxf6 18. Rfd1 Rb8 19. b3 Kf7 20. Rd3 Ke6
21. Rad1 Rb4 22. a3 Rb8 23. f3 Rff8 24. Na4 c5 25. Nb2 Nc6 26. Nc4 Nd4 27. R1d2
Rfd8 28. Kf2 Rd7 29. Ke1 Rbd8 30. Kd1 Ke7 31. Na5 Kf6 32. c3 Ne6 33. Nc6 Ra8
34. Rd5 Rf7 35. R5d3 a5 36. b4 axb4 37. cxb4 cxb4 38. Nxb4 Nd4 39. Nc2 c5 40.
Ne3 Rb7 41. Ra2 Ke6 42. Rc3 Ra4 43. Nc4 Nb5 44. Rc1 Rba7 45. Rd2 R7a6 46. Ra2
Nxa3 47. Nd2 Nb5 48. Rb2 Nd4 49. Rb7 Ra7 50. Rb6 R4a6 51. Rb8 Ra1 52. Rbb1 Rxb1
53. Rxb1 Ra2 54. Rb7 Ra1+ 55. Rb1 Rxb1+ 56. Nxb1 Nb5 57. Nd2 d5 58. exd5+ Kxd5
59. Ne4 Kd4 60. Nf6 h5 0-1

[Event "eu_ch_sen"]
[Site "Dresden"]
[Date "????.??.??"]
[Round "?"]
[White "Krylov, S."]
[Black "Korn, J C."]
[Result "1/2-1/2"]
[WhiteElo "2253"]
[BlackElo "2096"]
[PlyCount "92"]
[EventDate "2006.02.17"]
[EventRounds "8"]

1. c4 c5 2. Nf3 Nc6 3. e3 g6 4. d4 Bg7 5. d5 Na5 6. Be2 d6 7. O-O Nh6 8. Nc3
O-O 9. Qc2 Rb8 10. Rb1 b6 11. b3 Bd7 12. a3 Qc8 13. Bd2 f5 14. Ng5 Nf7 15. Nxf7
Rxf7 16. Qd3 Qf8 17. Bf3 Rc8 18. Ne2 g5 19. g3 Be5 20. Bh5 Rf6 21. f4 Rh6 22.
fxe5 Rxh5 23. e6 Be8 24. Rxf5 Qh6 25. Rf2 Bg6 26. e4 Rf8 27. Rxf8+ Qxf8 28. Rf1
Qg7 29. Rf2 Qa1+ 30. Kg2 Qe5 31. Nc3 g4 32. Rf4 Qd4 33. Qxd4 cxd4 34. Nb5 Nxb3
35. Bb4 Re5 36. Rxg4 Rxe4 37. Rxe4 Bxe4+ 38. Kf2 Bd3 39. Nxd4 Bxc4 40. Nf5 Nc5
41. Ke3 a5 42. Bc3 Kf8 43. Kd4 b5 44. Ne3 Nb3+ 45. Ke4 Nc5+ 46. Kd4 Nb3+
1/2-1/2

[Event "eu_ch_sen"]
[Site "Dresden"]
[Date "????.??.??"]
[Round "?"]
[White "Wiemer, J."]
[Black "Boehnisch, M."]
[Result "1/2-1/2"]
[WhiteElo "2372"]
[BlackElo "2115"]
[PlyCount "86"]
[EventDate "2006.02.17"]
[EventRounds "8"]

1. e4 c6 2. d4 d5 3. exd5 cxd5 4. c4 Nf6 5. Nc3 Nc6 6. Bg5 Be6 7. Qa4 Qd7 8.
Nf3 Ne4 9. Be3 Nxc3 10. bxc3 dxc4 11. Bxc4 Bxc4 12. Qxc4 e6 13. O-O Bd6 14.
Rab1 O-O 15. Qb5 Rab8 16. c4 a6 17. Qh5 f5 18. Rfd1 Ne7 19. Bg5 Ng6 20. Nh4 Nh8
21. c5 Bc7 22. g3 Qd5 23. Qf3 Qxf3 24. Nxf3 h6 25. Bf4 Bxf4 26. gxf4 Ng6 27.
Ne5 Nxf4 28. Rb6 Rfd8 29. Kf1 Rbc8 30. Rd6 Kf8 31. Rb1 Ke8 32. f3 Rc7 33. Rbb6
g5 34. Kf2 Rg7 35. Rxe6+ Nxe6 36. Rxe6+ Kf8 37. Ke3 h5 38. Rf6+ Ke7 39. Rb6 Ke8
40. Re6+ Kf8 41. Rf6+ Ke7 42. Rb6 Ke8 43. Re6+ Kf8 1/2-1/2

[Event "eu_ch_sen"]
[Site "Dresden"]
[Date "????.??.??"]
[Round "?"]
[White "Braun, G."]
[Black "Potthammel, J."]
[Result "0-1"]
[WhiteElo "2314"]
[BlackElo "2109"]
[PlyCount "113"]
[EventDate "2006.02.17"]
[EventRounds "8"]

1. e4 c6 2. d4 d5 3. e5 Bf5 4. Nf3 e6 5. Be2 Ne7 6. Nh4 c5 7. Nc3 a6 8. Bg5 Bg6
9. Nxg6 hxg6 10. dxc5 Qc7 11. Bf4 Nec6 12. Na4 Nd7 13. c4 dxc4 14. O-O Rd8 15.
Qc1 Nxc5 16. Nxc5 Bxc5 17. Qxc4 Bd4 18. Bf3 Qb6 19. Bxc6+ bxc6 20. Rac1 c5 21.
b3 O-O 22. Qe2 Rd5 23. h4 f6 24. exf6 Rxf6 25. Bg5 Rf7 26. Be3 Qd6 27. Qg4 e5
28. Qe4 Rf5 29. g3 Qd7 30. Kg2 Qf7 31. Bxd4 exd4 32. f4 Rd8 33. Rfe1 d3 34.
Rcd1 Rfd5 35. Qe6 R8d6 36. Qe8+ Qxe8 37. Rxe8+ Kf7 38. Re3 Kf6 39. Rd2 Rd4 40.
Kf3 a5 41. Re5 R6d5 42. Rxd5 Rxd5 43. g4 c4 44. bxc4 Rc5 45. Rxd3 Rxc4 46. Rd6+
Kf7 47. Rd3 Ra4 48. a3 Ke6 49. Re3+ Kf6 50. g5+ Kf7 51. Kg4 Kf8 52. Rf3 Kf7 53.
h5 gxh5+ 54. Kxh5 g6+ 55. Kh6 Rc4 56. Rb3 Rxf4 57. Rb7+ 0-1

[Event "eu_ch_sen"]
[Site "Dresden"]
[Date "????.??.??"]
[Round "?"]
[White "Schroeder, C."]
[Black "Boehlig, H."]
[Result "0-1"]
[WhiteElo "2055"]
[BlackElo "2238"]
[PlyCount "142"]
[EventDate "2006.02.17"]
[EventRounds "8"]

1. d4 Nf6 2. c4 e6 3. Nf3 b6 4. Bg5 Bb7 5. e3 h6 6. Bf4 Nh5 7. Bg3 Nxg3 8. hxg3
d5 9. Nc3 Be7 10. Qb3 O-O 11. Rd1 Nc6 12. cxd5 Na5 13. Qa4 exd5 14. Bd3 Qd6 15.
Bb1 Rae8 16. g4 g6 17. Rxh6 Kg7 18. Rh1 Bc8 19. Ne5 Rh8 20. Ke2 Bf6 21. f3 c6
22. Rxh8 Rxh8 23. b4 Bxe5 24. bxa5 Bf6 25. axb6 axb6 26. Rg1 b5 27. Qd1 Rh2 28.
Bd3 Bg5 29. Kf2 Bh4+ 30. Kf1 Bd8 31. Ne2 Qf6 32. Nf4 Bc7 33. Nh3 Bxg4 34. Nf2
Bd7 35. Rh1 Rxh1+ 36. Nxh1 Qe7 37. Qe1 Qa3 38. Qd2 Ba5 39. Qc2 Qb4 40. Qe2 Bb6
41. Nf2 Be6 42. Bc2 Qc3 43. Bb3 Qa1+ 44. Bd1 Bf5 45. Ng4 c5 46. dxc5 Bxc5 47.
Nf2 Qc1 48. Nd3 Qxe3 49. Qxe3 Bxe3 50. Nb4 d4 51. Be2 Bd2 52. a3 Bxb4 53. axb4
Bd7 54. Bd3 Kf6 55. f4 Ke6 56. Be4 Kd6 57. Ke2 Bc6 58. Kd3 Bxe4+ 59. Kxe4 d3
60. Kxd3 Kd5 61. g4 f6 62. f5 g5 63. Ke3 Ke5 64. Kd3 Kf4 65. Kd4 Kxg4 66. Kc5
Kxf5 67. Kxb5 g4 68. Kc6 g3 69. b5 g2 70. b6 g1=Q 71. b7 Qg3 0-1

[Event "eu_ch_sen"]
[Site "Dresden"]
[Date "????.??.??"]
[Round "?"]
[White "Weber, B."]
[Black "Kuehn, P."]
[Result "1/2-1/2"]
[WhiteElo "2134"]
[BlackElo "2048"]
[PlyCount "58"]
[EventDate "2006.02.17"]
[EventRounds "8"]

1. d4 e6 2. Nf3 f5 3. c3 Nf6 4. Bg5 Be7 5. Bxf6 Bxf6 6. Nbd2 d5 7. e3 c6 8. Bd3
Nd7 9. Qc2 a5 10. O-O b6 11. c4 Ba6 12. Rfc1 Rc8 13. Qb3 Nb8 14. cxd5 a4 15.
Qc2 Bxd3 16. Qxd3 Qxd5 17. Nc4 Nd7 18. Qa3 Be7 19. Qxa4 O-O 20. Nce5 Nxe5 21.
Nxe5 c5 22. Nd7 Ra8 23. Qb5 Ra5 24. Qxb6 Bd8 25. Qxa5 Bxa5 26. Nxf8 Kxf8 27.
Rxc5 Qa8 28. Rac1 Kf7 29. a3 Bb6 1/2-1/2

[Event "eu_ch_sen"]
[Site "Dresden"]
[Date "????.??.??"]
[Round "?"]
[White "Rodriguez, O."]
[Black "Pape, M."]
[Result "1-0"]
[WhiteElo "2426"]
[BlackElo "2222"]
[PlyCount "62"]
[EventDate "2006.02.17"]
[EventRounds "8"]

1. d4 g6 2. e4 c6 3. c4 Bg7 4. Nc3 d6 5. Be3 Nf6 6. f3 O-O 7. Bd3 e5 8. d5 Na6
9. Nge2 Nc5 10. Bc2 cxd5 11. cxd5 Bd7 12. b4 Na6 13. a3 Nh5 14. O-O f5 15. exf5
gxf5 16. Qd2 Nc7 17. a4 Ne8 18. Kh1 Kh8 19. g4 Nf4 20. Bxf5 Nxe2 21. Qxe2 Bxf5
22. gxf5 Qc8 23. Ne4 Qxf5 24. Rac1 Qd7 25. Qb5 Qxb5 26. axb5 h6 27. f4 exf4 28.
Bxf4 Rd8 29. Bg3 Rxf1+ 30. Rxf1 Rd7 31. Kg2 Bd4 1-0

[Event "eu_ch_sen"]
[Site "Dresden"]
[Date "????.??.??"]
[Round "?"]
[White "Perk, E."]
[Black "Bautista Sanchez, J."]
[Result "0-1"]
[WhiteElo "2057"]
[BlackElo "2234"]
[PlyCount "108"]
[EventDate "2006.02.17"]
[EventRounds "8"]

1. d4 d5 2. c4 e6 3. Nc3 Nf6 4. Bg5 Be7 5. e3 O-O 6. Nf3 h6 7. Bh4 b6 8. cxd5
Nxd5 9. Bxe7 Qxe7 10. Nxd5 exd5 11. Rc1 Be6 12. Qa4 c5 13. dxc5 bxc5 14. Qa3
Rc8 15. Be2 a5 16. O-O Qa7 17. Ne5 Nc6 18. Nxc6 Rxc6 19. Bf3 Rc7 20. Rfd1 Rd8
21. Qc3 Qb6 22. a3 Rcc8 23. Qe5 f6 24. Qc3 d4 25. exd4 cxd4 26. Qd2 Bb3 27.
Rxc8 Rxc8 28. Rc1 Rd8 29. Qd3 a4 30. h3 Qa5 31. Be4 Qe5 32. Bf5 Kh8 33. g3 Bd5
34. Kf1 Bb7 35. Re1 Qd6 36. Qd2 Qc5 37. g4 Bc6 38. Kg1 Rb8 39. Be4 Bxe4 40.
Rxe4 Rd8 41. Re1 d3 42. Rd1 Qd5 43. Re1 Rb8 44. Re3 Rb3 45. Re1 Qd4 46. Rb1 Qe5
47. Qc1 Kh7 48. Qd2 Qe2 49. Rd1 f5 50. gxf5 Rxb2 51. Qe1 Rb3 52. f6 gxf6 53.
Rc1 Qxe1+ 54. Rxe1 Rxa3 0-1

[Event "eu_ch_sen"]
[Site "Dresden"]
[Date "????.??.??"]
[Round "?"]
[White "Anguera Maestro, J."]
[Black "Grabitz, G."]
[Result "1-0"]
[WhiteElo "2220"]
[BlackElo "2065"]
[PlyCount "49"]
[EventDate "2006.02.17"]
[EventRounds "8"]

1. d4 Nf6 2. c4 g6 3. Nc3 Bg7 4. e4 d6 5. Bg5 O-O 6. Qd2 Na6 7. Nf3 c5 8. d5
Nc7 9. Bd3 a6 10. a4 b6 11. O-O Bg4 12. Ne1 Bd7 13. Bh6 b5 14. Bxg7 Kxg7 15. f4
bxc4 16. Bxc4 e6 17. e5 Nfe8 18. Nf3 exd5 19. Nxd5 dxe5 20. Nb6 Bc6 21. Nxa8
Qxa8 22. Nxe5 Nf6 23. Qd6 Bxg2 24. Qxc7 Bh1 25. Rf2 1-0

[Event "eu_ch_sen"]
[Site "Dresden"]
[Date "????.??.??"]
[Round "?"]
[White "Hentzschel, E."]
[Black "Coll, E L."]
[Result "0-1"]
[WhiteElo "1954"]
[BlackElo "2171"]
[PlyCount "37"]
[EventDate "2006.02.17"]
[EventRounds "8"]

1. e4 e5 2. f4 exf4 3. Nf3 d5 4. exd5 Bd6 5. Bc4 Bg4 6. O-O Ne7 7. Nc3 Nd7 8.
Qe1 O-O 9. h3 Bxf3 10. gxf3 Nf5 11. Ne4 Re8 12. Qd1 Qh4 13. Rf2 Ng3 14. Nxd6
cxd6 15. Bf1 Nf6 16. c4 Nfh5 17. b3 Qf6 18. Rb1 Qg6 19. Bb2 0-1

[Event "eu_ch_sen"]
[Site "Dresden"]
[Date "????.??.??"]
[Round "?"]
[White "Baumgartner, H."]
[Black "Denda, R."]
[Result "0-1"]
[WhiteElo "2245"]
[BlackElo "2054"]
[PlyCount "102"]
[EventDate "2006.02.17"]
[EventRounds "8"]

1. e4 e5 2. Nf3 Nc6 3. Bc4 Nf6 4. Ng5 d5 5. exd5 Na5 6. Bb5+ Bd7 7. Qe2 Bd6 8.
Nc3 O-O 9. Bxd7 Qxd7 10. Nge4 Nxe4 11. Nxe4 f5 12. Nxd6 Qxd6 13. c4 c6 14. dxc6
Nxc6 15. O-O Nd4 16. Qd1 Rad8 17. b3 e4 18. Bb2 Ne6 19. Bc3 Nf4 20. Kh1 Qg6 21.
g3 Ne6 22. f4 Rd3 23. Qe2 Rfd8 24. Rac1 Nc5 25. Rc2 h5 26. Rf2 Qc6 27. Rg2 e3
28. dxe3 Rd1+ 29. Be1 Nd3 30. Qxd1 Nf2+ 31. Rcxf2 Rxd1 32. Re2 Qf3 33. Kg1 Kf7
34. Rgf2 Qg4 35. e4 h4 36. Rg2 fxe4 37. Rxe4 Qf3 38. Ree2 Qc3 39. Kf1 h3 40.
Rgf2 Qd3 41. Kg1 Qd4 42. Kf1 Qd3 43. Kg1 a5 44. Re5 a4 45. bxa4 Qxc4 46. a5 Ra1
47. Ree2 Qc3 48. Rf1 Qd3 49. Rff2 Rc1 50. Re5 Rc2 51. Rxc2 Qxc2 0-1

[Event "eu_ch_sen"]
[Site "Dresden"]
[Date "????.??.??"]
[Round "?"]
[White "Titz, H."]
[Black "Schwertel, J."]
[Result "1-0"]
[WhiteElo "2268"]
[BlackElo "2039"]
[PlyCount "113"]
[EventDate "2006.02.17"]
[EventRounds "8"]

1. c4 c5 2. Nc3 Nc6 3. Nf3 e5 4. g3 d6 5. Bg2 Nf6 6. O-O Be7 7. d3 O-O 8. Bd2
Bd7 9. Ne1 Rb8 10. Nc2 a6 11. Ne3 b5 12. b3 Qc8 13. Ned5 Nxd5 14. Nxd5 Bh3 15.
e3 Bxg2 16. Kxg2 f5 17. f4 Qd7 18. Bc3 Rbe8 19. Qd2 Qb7 20. Kg1 Bd8 21. fxe5
dxe5 22. Qg2 Qd7 23. Rad1 Qe6 24. Rd2 Rf7 25. Rdf2 Ref8 26. Qh3 Qg6 27. e4 f4
28. Qg2 fxg3 29. Qxg3 Rxf2 30. Rxf2 Qxg3+ 31. hxg3 b4 32. Bd2 Rxf2 33. Kxf2 Nd4
34. Be3 Ne6 35. Kf3 Kf7 36. Kg4 Kg6 37. Kf3 h5 38. Bf2 a5 39. Be3 Kf7 40. Bf2
g6 41. Be3 g5 42. g4 h4 43. Kg2 Nf4+ 44. Nxf4 gxf4 45. Bxc5 Kg6 46. Bf2 Kf7 47.
d4 exd4 48. Bxd4 Ke6 49. Kf3 h3 50. Bg1 Bg5 51. Bb6 Ke5 52. c5 h2 53. Kg2 Kxe4
54. c6 f3+ 55. Kxh2 Kd3 56. c7 f2 57. Bxf2 1-0

[Event "eu_ch_sen"]
[Site "Dresden"]
[Date "????.??.??"]
[Round "?"]
[White "Degenhardt, N."]
[Black "Ager, J."]
[Result "1/2-1/2"]
[WhiteElo "2134"]
[BlackElo "2235"]
[PlyCount "77"]
[EventDate "2006.02.17"]
[EventRounds "8"]

1. e4 e5 2. Nf3 Nc6 3. Bb5 a6 4. Ba4 Nf6 5. d3 d6 6. c4 Be7 7. Nc3 O-O 8. O-O
Bg4 9. h3 Bh5 10. Nd5 b5 11. Nxf6+ Bxf6 12. Bb3 Nd4 13. g4 Nxb3 14. Qxb3 bxc4
15. Qxc4 Bg6 16. Bd2 Qd7 17. Rac1 c5 18. Nh2 Qb7 19. b3 Rfd8 20. f3 d5 21. Qc2
Rac8 22. Rfd1 Be7 23. Nf1 f6 24. Kg2 Bf7 25. Ne3 g6 26. Ba5 Rd7 27. Nxd5 Bxd5
28. exd5 Qxd5 29. Qc4 Rb8 30. Kf2 Kg7 31. Qxd5 Rxd5 32. Ke2 Kf7 33. Be1 Rb7 34.
Bf2 f5 35. Be3 Rb8 36. Rc4 h5 37. gxh5 gxh5 38. Rdc1 h4 39. Bf2 1/2-1/2

[Event "eu_ch_sen"]
[Site "Dresden"]
[Date "????.??.??"]
[Round "?"]
[White "Winniwarter, F."]
[Black "Jaeger, E."]
[Result "1-0"]
[WhiteElo "2175"]
[BlackElo "2070"]
[PlyCount "92"]
[EventDate "2006.02.17"]
[EventRounds "8"]

1. e4 c5 2. Nf3 Nc6 3. d4 cxd4 4. Nxd4 Nf6 5. Nc3 e5 6. Ndb5 d6 7. Bg5 a6 8.
Na3 b5 9. Nd5 Be7 10. Bxf6 Bxf6 11. c3 O-O 12. Nc2 Ne7 13. Nce3 Bg5 14. Nxe7+
Qxe7 15. Nd5 Qb7 16. Be2 Be6 17. O-O Bxd5 18. exd5 f5 19. Qb3 Rab8 20. Rad1 Kh8
21. Qc2 Rbc8 22. b3 b4 23. c4 a5 24. Ra1 e4 25. a3 Bf6 26. Ra2 Bc3 27. axb4
axb4 28. f3 Qe7 29. Ra6 Rce8 30. Kh1 Rf6 31. g3 exf3 32. Bxf3 f4 33. g4 Rh6 34.
Qf2 Be1 35. Qe2 Qxe2 36. Bxe2 Bg3 37. Bf3 Rxh2+ 38. Kg1 Rh6 39. g5 Rh4 40. Rxd6
g6 41. Re6 Ra8 42. d6 Ra2 43. Re2 Bh2+ 44. Rxh2 Rhxh2 45. d7 Rhd2 46. Bd5 Rxd5
1-0

[Event "eu_ch_sen"]
[Site "Dresden"]
[Date "????.??.??"]
[Round "?"]
[White "Opl, K."]
[Black "Bondick, K."]
[Result "1-0"]
[WhiteElo "2333"]
[BlackElo "2165"]
[PlyCount "79"]
[EventDate "2006.02.17"]
[EventRounds "8"]

1. e4 e5 2. Nc3 f5 3. exf5 Nf6 4. g4 h5 5. g5 Ng4 6. h3 Nxf2 7. Kxf2 Bc5+ 8. d4
Bxd4+ 9. Kg2 d5 10. Bd3 Bxc3 11. bxc3 e4 12. Be2 Bxf5 13. Bxh5+ g6 14. Bg4 O-O
15. Ne2 Nc6 16. Bf4 Qd7 17. Bxf5 Rxf5 18. Rf1 Raf8 19. Qd2 Na5 20. Bg3 Nc4 21.
Qd4 Rxf1 22. Rxf1 Rxf1 23. Kxf1 Qxh3+ 24. Kg1 Qf5 25. Qxa7 Qxg5 26. Qb8+ Kh7
27. Qxc7+ Kh6 28. Qf4 Ne3 29. Qxg5+ Kxg5 30. Nd4 Kg4 31. Be1 Nc4 32. Kf2 g5 33.
Ke2 Kh3 34. Nf5 g4 35. Ne7 g3 36. Nxd5 g2 37. Bf2 Kh2 38. Nf6 Na3 39. Nxe4 Nxc2
40. Nd6 1-0

[Event "eu_ch_sen"]
[Site "Dresden"]
[Date "????.??.??"]
[Round "?"]
[White "Werschan, H."]
[Black "Bubacek, E."]
[Result "0-1"]
[WhiteElo "2138"]
[BlackElo "2259"]
[PlyCount "66"]
[EventDate "2006.02.17"]
[EventRounds "8"]

1. Nf3 f5 2. g3 Nf6 3. Bg2 g6 4. c4 Bg7 5. Nc3 O-O 6. O-O d6 7. d4 Nc6 8. Rb1
Ne4 9. Be3 Nxc3 10. bxc3 e5 11. dxe5 dxe5 12. Qd5+ Kh8 13. Bc5 Re8 14. Qxd8
Nxd8 15. Ng5 h6 16. Nh3 Ne6 17. Be3 c6 18. Rfd1 g5 19. f3 Bf8 20. Kh1 Bc5 21.
Bxc5 Nxc5 22. Nf2 Be6 23. Nd3 Na4 24. Rxb7 Nxc3 25. Rd2 Rab8 26. Rb3 Nxa2 27.
Rxa2 Rxb3 28. Bf1 Bxc4 29. Rxa7 e4 30. fxe4 fxe4 31. Nc5 Rb1 32. Kg2 Rf8 33.
Nxe4 Rbxf1 0-1

[Event "eu_ch_sen"]
[Site "Dresden"]
[Date "????.??.??"]
[Round "?"]
[White "Stuerzenbaum"]
[Black "Reinholz"]
[Result "1-0"]
[WhiteElo "2212"]
[BlackElo "2081"]
[PlyCount "45"]
[EventDate "2006.02.17"]
[EventRounds "8"]

1. e4 e5 2. Nf3 Nc6 3. Nc3 d6 4. d4 exd4 5. Nxd4 Bd7 6. Bb5 a6 7. Bxc6 bxc6 8.
O-O Be7 9. Qf3 c5 10. Nf5 Bxf5 11. exf5 Nf6 12. Qc6+ Kf8 13. Bg5 Ng8 14. Bxe7+
Nxe7 15. Qf3 f6 16. Rfe1 Rb8 17. Re6 Rb6 18. Rae1 Nc6 19. Qe4 Kf7 20. Na4 Qd7
21. Qd5 Kf8 22. Nxb6 cxb6 23. Rxd6 1-0

[Event "eu_ch_sen"]
[Site "Dresden"]
[Date "????.??.??"]
[Round "?"]
[White "Taksrud, V."]
[Black "Johanessen, S."]
[Result "1-0"]
[WhiteElo "2087"]
[BlackElo "2252"]
[PlyCount "115"]
[EventDate "2006.02.17"]
[EventRounds "8"]

1. d4 Nf6 2. c4 g6 3. g3 Bg7 4. Bg2 O-O 5. Nc3 d6 6. Nf3 Bf5 7. Qb3 Bc8 8. O-O
Nc6 9. Rd1 Rb8 10. h3 Bd7 11. Be3 Na5 12. Qb4 b6 13. c5 Nc6 14. Qa3 d5 15. Ne5
e6 16. Nxc6 Bxc6 17. Rac1 Nd7 18. b4 a6 19. Qxa6 Ra8 20. Qd3 bxc5 21. bxc5 Ra3
22. Qd2 Qa8 23. Rc2 Ba4 24. Nxa4 Rxa4 25. Rb1 Nb8 26. Rb4 Nc6 27. Rxa4 Qxa4 28.
Rb2 Bxd4 29. Bxd4 Qxd4 30. Qxd4 Nxd4 31. e3 Nc6 32. Rb7 Rc8 33. Bf1 Na5 34. Rb5
Nc4 35. Rb4 Ra8 36. a4 Kf8 37. Bxc4 dxc4 38. Rxc4 Ke7 39. Kf1 Kd7 40. Ke2 Kc6
41. Kd3 Rb8 42. Kc2 Ra8 43. Kc3 Ra7 44. g4 g5 45. h4 h6 46. h5 Ra8 47. Kd4 f6
48. Ke4 Rf8 49. f4 f5+ 50. Ke5 fxg4 51. Kxe6 gxf4 52. exf4 g3 53. f5 Rg8 54.
Rc1 g2 55. Rg1 Re8+ 56. Kf7 Re2 57. f6 Kd7 58. a5 1-0

[Event "eu_ch_sen"]
[Site "Dresden"]
[Date "????.??.??"]
[Round "?"]
[White "Hoen, R."]
[Black "Strand, K W."]
[Result "1-0"]
[WhiteElo "2280"]
[BlackElo "2062"]
[PlyCount "71"]
[EventDate "2006.02.17"]
[EventRounds "8"]

1. e4 e6 2. d4 d5 3. Nc3 Bb4 4. Bd3 dxe4 5. Bxe4 Nf6 6. Bg5 h6 7. Bxf6 Qxf6 8.
Nf3 Nd7 9. O-O O-O 10. Qe2 c6 11. Bd3 Bxc3 12. bxc3 Qf4 13. Rfe1 Re8 14. g3 Qc7
15. c4 Nf8 16. c5 Bd7 17. Ne5 b5 18. c3 Red8 19. a4 a6 20. Qf3 Be8 21. axb5
cxb5 22. Be4 Ra7 23. Qe3 f6 24. Nd3 a5 25. f4 Bc6 26. f5 exf5 27. Bxf5 Bd5 28.
Nf4 Bf7 29. Be4 g5 30. Nd3 Qd7 31. Qf2 Kg7 32. Rf1 Ra6 33. c6 Rxc6 34. Bxc6
Qxc6 35. Rxa5 Bg6 36. Nc5 1-0

[Event "eu_ch_sen"]
[Site "Dresden"]
[Date "????.??.??"]
[Round "?"]
[White "Haug, K."]
[Black "Kristiansen, E."]
[Result "0-1"]
[WhiteElo "1993"]
[BlackElo "2232"]
[PlyCount "52"]
[EventDate "2006.02.17"]
[EventRounds "8"]

1. c4 Nf6 2. Nc3 c5 3. Nf3 d5 4. cxd5 Nxd5 5. e3 Nc6 6. Be2 e5 7. O-O Nc7 8. a3
Be7 9. b3 O-O 10. Bb2 Be6 11. Nb5 e4 12. Ne1 Na5 13. Bc3 Nxb5 14. Bxb5 Nxb3 15.
Rb1 c4 16. Nc2 Qd5 17. Ba4 Rfd8 18. Bxb3 cxb3 19. Nd4 Bxa3 20. Rxb3 Bc5 21.
Nxe6 Qxe6 22. Qb1 b6 23. Rd1 Rd3 24. Rb2 Rad8 25. Rc2 f6 26. g3 f5 0-1

[Event "eu_ch_sen"]
[Site "Dresden"]
[Date "????.??.??"]
[Round "?"]
[White "Ofstad, P."]
[Black "Kverndal, L."]
[Result "1/2-1/2"]
[WhiteElo "2173"]
[BlackElo "1956"]
[PlyCount "53"]
[EventDate "2006.02.17"]
[EventRounds "8"]

1. e4 c5 2. Nc3 Nc6 3. g3 g6 4. Bg2 Bg7 5. d3 Nf6 6. f4 d6 7. Nf3 Bg4 8. Ne2
Rc8 9. c3 Qd7 10. O-O O-O 11. Qc2 b5 12. Nh4 Nh5 13. Be3 Nd4 14. Bxd4 cxd4 15.
Rac1 dxc3 16. bxc3 Bxe2 17. Qxe2 Rxc3 18. Nf5 Rfc8 19. Bh3 e6 20. Rxc3 Bxc3 21.
g4 exf5 22. gxh5 Bd4+ 23. Kh1 Qe7 24. Qg2 Kh8 25. exf5 gxf5 26. Qd5 Qf6 27.
Qxb5 1/2-1/2

[Event "eu_ch_sen"]
[Site "Dresden"]
[Date "????.??.??"]
[Round "?"]
[White "Biebinger, G."]
[Black "Feavyour, J."]
[Result "1-0"]
[WhiteElo "2315"]
[BlackElo "2068"]
[PlyCount "47"]
[EventDate "2006.02.17"]
[EventRounds "8"]

1. d4 d5 2. c4 c6 3. Nf3 Nf6 4. Nc3 dxc4 5. a4 Bf5 6. Nh4 Bg6 7. Nxg6 hxg6 8.
e4 e6 9. Bxc4 Nbd7 10. O-O Qc7 11. h3 O-O-O 12. Qf3 Nb6 13. Bf4 Qe7 14. Ba2
Rxd4 15. Be3 Rb4 16. a5 Nc4 17. Bxc4 Rxc4 18. Bxa7 Rh5 19. Rfd1 Nd7 20. Bb6 Qe8
21. Rxd7 Qxd7 22. Rd1 Rxc3 23. Rxd7 Rc1+ 24. Rd1 1-0

[Event "eu_ch_sen"]
[Site "Dresden"]
[Date "????.??.??"]
[Round "?"]
[White "Macdonald-Ross, S."]
[Black "Villing, D."]
[Result "0-1"]
[WhiteElo "2065"]
[BlackElo "2261"]
[PlyCount "111"]
[EventDate "2006.02.17"]
[EventRounds "8"]

1. d4 d6 2. Nf3 Bg4 3. c4 c6 4. Qb3 Qb6 5. e3 Bxf3 6. gxf3 g6 7. Bd2 Bg7 8. Bc3
Nd7 9. h4 Ngf6 10. Nd2 O-O 11. O-O-O e6 12. Qc2 d5 13. Bd3 Nh5 14. cxd5 cxd5
15. f4 Ndf6 16. Rdg1 Rac8 17. Kb1 Rc6 18. Nf3 Ne4 19. Bxe4 dxe4 20. Ne5 Rc7 21.
Ka1 f6 22. Ng4 Rfc8 23. Qa4 Rc6 24. a3 Bf8 25. d5 exd5 26. Qd4 Qxd4 27. Bxd4 b6
28. f5 Kf7 29. fxg6+ hxg6 30. Rd1 Ke6 31. Ka2 Rc2 32. Rhf1 Bd6 33. f4 Bc5 34.
Nh6 Bxd4 35. Rxd4 Re2 36. f5+ gxf5 37. Nxf5 Rcc2 38. Rb4 Rc7 39. Nd4+ Kd7 40.
Rg1 Rc4 41. Rxc4 dxc4 42. Rc1 Rh2 43. Rxc4 Rxh4 44. Nf5 Rg4 45. Nh6 Rg6 46.
Rd4+ Kc7 47. Rc4+ Kd6 48. Rd4+ Kc5 49. b4+ Kc6 50. Nf5 Rg4 51. Kb3 Ng3 52. Nxg3
Rxg3 53. Rxe4 f5 54. Rc4+ Kd5 55. Rc3 Ke4 56. Rc1 0-1